Pedagogía del sentido
Պահպանված է:
| Հիմնական հեղինակ: | |
|---|---|
| Ձևաչափ: | Գիրք |
| Լեզու: | անգլերեն |
| Հրապարակվել է: |
Boadilla del Monte, Madrid, España:
PPC,
2014
|
| Հրատարակություն: | 2.ª edición |
| Շարք: | Educar
|
| Խորագրեր: | |
| Ցուցիչներ: |
Ավելացրեք ցուցիչ
Չկան պիտակներ, Եղեք առաջինը, ով նշում է այս գրառումը!
|
MARC
| LEADER | 00000nam a22000007a 4500 | ||
|---|---|---|---|
| 003 | CL-VaPUC | ||
| 005 | 20240124092208.0 | ||
| 008 | 220420b2014 ||||| |||| 00| 0 eng d | ||
| 999 | |c 435452 |d 435450 | ||
| 020 | |a 978-84-288-1410-0 | ||
| 040 | |c Pontificia Universidad Católica de Valparaíso | ||
| 082 | 0 | 4 | |2 22 |a 370.1 TOR 2014 |
| 100 | 1 | |a Torralba Roselló, Francesc |9 571625 |e autor | |
| 245 | 1 | 0 | |a Pedagogía del sentido |
| 250 | |a 2.ª edición | ||
| 260 | |a Boadilla del Monte, Madrid, España: |b PPC, |c 2014 | ||
| 300 | |a 183 páginas | ||
| 490 | 0 | |a Educar | |
| 500 | |a C1. Donación Padre Cristian Eichin. Correo en papel 28/03/2022 | ||
| 583 | |c 20220420 |k Catalogador Asistente | ||
| 650 | 1 | |a Filosofía de la educación |9 258384 | |
| 650 | 1 | 0 | |a Antropología de la educación |9 265262 |
| 942 | |2 ddc |c BK | ||
| 952 | |0 0 |1 0 |2 ddc |4 0 |6 370_100000000000000_TOR_2014 |7 0 |8 A |9 582709 |a BIBTEO |b BIBTEO |c GEN |d 2022-04-20 |e Donación |i 5650872 |l 1 |o 370.1 TOR 2014 |p 5650872 |r 2025-01-17 |s 2024-09-05 |t 1 |w 2022-04-20 |y BK |k ICR | ||